Strategy, diplomacy, humanity : (Record no. 344235)
[ view plain ]
| 000 -LEADER | |
|---|---|
| fixed length control field | 00770 a2200217 4500 |
| 003 - CONTROL NUMBER IDENTIFIER | |
| control field | NUST |
| 005 - DATE AND TIME OF LATEST TRANSACTION | |
| control field | 20231019153858.0 |
| 008 - FIXED-LENGTH DATA ELEMENTS--GENERAL INFORMATION | |
| fixed length control field | 231019b ||||| |||| 00| 0 eng d |
| 020 ## - INTERNATIONAL STANDARD BOOK NUMBER | |
| International Standard Book Number | 0975586017 |
| 020 ## - INTERNATIONAL STANDARD BOOK NUMBER | |
| International Standard Book Number | 9780975586013 |
| 082 ## - DEWEY DECIMAL CLASSIFICATION NUMBER | |
| Classification number | 923.25491 |
| Author Mark | STR |
| 100 1# - MAIN ENTRY--PERSONAL NAME | |
| Personal name | Khan, Sahabzada Yaqub. |
| 245 10 - TITLE STATEMENT | |
| Title | Strategy, diplomacy, humanity : |
| Remainder of title | life and work of sahabzada yaqub-khan / |
| Statement of responsibility, etc. | Sahabzada Yaqub Khan. |
| 260 ## - PUBLICATION, DISTRIBUTION, ETC. | |
| Place of publication, distribution, etc. | [S.l.] : |
| Name of publisher, distributor, etc. | Intercultural Forum, |
| Date of publication, distribution, etc. | 2005. |
| 300 ## - PHYSICAL DESCRIPTION | |
| Extent | 396 p. |
| 500 ## - GENERAL NOTE | |
| General note | Hardcover. |
| 700 1# - ADDED ENTRY--PERSONAL NAME | |
| Personal name | Dil, Anwar. |
| 9 (RLIN) | 6677 |
| 856 40 - ELECTRONIC LOCATION AND ACCESS | |
| Materials specified | Amazon.com |
| Uniform Resource Identifier | <a href="http://www.amazon.com/exec/obidos/ASIN/0975586017/chopaconline-20">http://www.amazon.com/exec/obidos/ASIN/0975586017/chopaconline-20</a> |
| 856 40 - ELECTRONIC LOCATION AND ACCESS | |
| Materials specified | Amazon customer reviews |
| Uniform Resource Identifier | <a href="http://www.chopac.org/cgi-bin/tools/azrev.pl?q=0975586017">http://www.chopac.org/cgi-bin/tools/azrev.pl?q=0975586017</a> |
| 942 ## - ADDED ENTRY ELEMENTS (KOHA) | |
| Institution code [OBSOLETE] | NBS |
| Koha item type | Book |
| Call number prefix | 923.25491 STR |
| Source of classification or shelving scheme | |
| Withdrawn status | Lost status | Source of classification or shelving scheme | Damaged status | Not for loan | Permanent Location | Current Location | Date acquired | Total Checkouts | Full call number | Barcode | Date last seen | Date last checked out | Price effective from | Koha item type | Total Renewals |
|---|---|---|---|---|---|---|---|---|---|---|---|---|---|---|---|
| Central Library (CL) | Central Library (CL) | 08/28/2013 | 1 | 923.25491 STR | NBSD-867 | 11/22/2017 | 08/28/2017 | 08/28/2013 | Book | ||||||
| Central Library (CL) | Central Library (CL) | 08/28/2013 | 2 | 923.25491 STR | NBSD-868 | 10/13/2021 | 06/28/2021 | 08/28/2013 | Book | 1 | |||||
| Central Library (CL) | Central Library (CL) | 08/28/2013 | 1 | 923.25491 STR | NBSD-870 | 11/22/2017 | 08/28/2017 | 08/28/2013 | Book | ||||||
| Central Library (CL) | Central Library (CL) | 08/28/2013 | 1 | 923.25491 STR | NBSD-869 | 11/22/2017 | 08/28/2017 | 08/28/2013 | Book |
